000
00247 a2200109 4500
001
51215
040
_c
Anchieta - Pituba
240
1
0
_a
Mondscheinkinder pasch kino
_l
245
1
0
_a
Mondscheinkinder pasch kino
650
4
_a
Língua alemã
942
_c
MX
999
_c
51215
_d
51215